[Event "SVK-chT2C 1718"]
[Site "Slovakia"]
[Date "2018.01.13"]
[Round "5.8"]
[White "Slivka, David"]
[Black "Kaniok, Jan"]
[Result "1-0"]
[WhiteElo "1783"]
[BlackElo "1901"]
[PlyCount "75"]
[EventDate "2017.10.28"]
[EventType "team-tourn"]
[EventRounds "11"]
[EventCountry "SVK"]
[SourceTitle "EXT 2019"]
[Source "ChessBase"]
[SourceDate "2018.10.10"]
[SourceVersion "1"]
[SourceVersionDate "2018.10.10"]
[SourceQuality "1"]
[WhiteTeam "Cadca Caissa"]
[BlackTeam "Dunajov Inbest II"]
[WhiteTeamCountry "SVK"]
[BlackTeamCountry "SVK"]

1. d4 d5 2. c4 Nf6 3. cxd5 Qxd5 4. Nc3 Qd8 5. e4 e6 6. Nf3 Be7 7. Bg5 c6 8. Qc2 0-0 9. Bd3 g6 10. h4 Ng4 11. Bxe7 Qxe7 12. 0-0-0 Na6 13. a3 b5 14. d5 cxd5 15. exd5 Qc5 16. h5 Qxf2 17. Rd2 Qe3 18. hxg6 hxg6 19. Bxg6 f5 20. Nh4 Bd7 21. dxe6 Bxe6 22. Bxf5 Bxf5 23. Nxf5 Qg5 24. Qb3+ Rf7 25. Nd6 Raf8 26. Nxf7 Rxf7 27. Rh7 Ne5 28. Rxf7 Nxf7 29. Qxb5 Nc5 30. Ne4 Nxe4 31. Qe8+ Kg7 32. Qxe4 Ne5 33. g3 a5 34. Qf4 Qe7 35. Kb1 Qc5 36. Qd4 Qb5 37. Qa7+ Kg6 38. Rd6+ 1-0

[Event "SVK-chT2C 1415"]
[Site "Slovakia"]
[Date "2014.10.11"]
[Round "1.8"]
[White "Kaniok, Jan"]
[Black "Druska, Robert"]
[Result "0-1"]
[WhiteElo "1940"]
[BlackElo "1731"]
[PlyCount "56"]
[EventDate "2014.10.11"]
[EventType "team-tourn"]
[EventRounds "11"]
[EventCountry "SVK"]
[SourceTitle "EXT 2016"]
[Source "ChessBase"]
[SourceDate "2015.10.08"]
[SourceVersion "1"]
[SourceVersionDate "2015.10.08"]
[SourceQuality "1"]
[WhiteTeam "Dunajov II"]
[BlackTeam "Liptov Chess School III"]
[WhiteTeamCountry "SVK"]
[BlackTeamCountry "SVK"]

1. e4 c5 2. Nf3 Nc6 3. d4 cxd4 4. Nxd4 g6 5. Be3 Bg7 6. Qd2 Nf6 7. f3 0-0 8. Nc3 d5 9. Nxc6 bxc6 10. e5 Nd7 11. f4 f6 12. Nxd5 fxe5 13. Bc4 Kh8 14. Nb4 exf4 15. Bxf4 e5 16. Bg3 Qb6 17. c3 a5 18. Nd3 e4 19. Bf2 Rxf2 20. Qxf2 exd3 21. Qxb6 Nxb6 22. Bxd3 Na4 23. Rb1 Nxb2 24. Rxb2 Bxc3+ 25. Rd2 Bf5 26. Bxf5 Rd8 27. Be4 Rxd2 28. Bxc6 Rd6+ 0-1

[Event "SVK-chT2C 1314"]
[Site "Slovakia"]
[Date "2014.02.22"]
[Round "8.8"]
[White "Kaniok, Jan"]
[Black "Muntag, Marian"]
[Result "1/2-1/2"]
[WhiteElo "1928"]
[BlackElo "1865"]
[PlyCount "123"]
[EventDate "2013.10.19"]
[EventType "team-tourn"]
[EventRounds "11"]
[EventCountry "SVK"]
[SourceTitle "EXT 2015"]
[Source "ChessBase"]
[SourceDate "2014.11.20"]
[SourceVersion "1"]
[SourceVersionDate "2014.11.20"]
[SourceQuality "1"]
[WhiteTeam "Dunajov II"]
[BlackTeam "Zilina DMS"]
[WhiteTeamCountry "SVK"]
[BlackTeamCountry "SVK"]

1. e4 e5 2. Nf3 d6 3. d4 exd4 4. Nxd4 Nf6 5. Nc3 g6 6. Bg5 Bg7 7. Nd5 c6 8. Nxf6+ Bxf6 9. Bxf6 Qxf6 10. c3 0-0 11. Bd3 Nd7 12. 0-0 Ne5 13. Bc2 a6 14. Qe1 Re8 15. b3 c5 16. Ne2 b5 17. f4 Ng4 18. Qg3 h5 19. h3 Nh6 20. Qd3 Bb7 21. Ng3 h4 22. e5 dxe5 23. Ne4 Bxe4 24. Qxe4 exf4 25. Qxf4 Qxf4 26. Rxf4 g5 27. Rf6 Kg7 28. Raf1 Re2 29. Bd3 Rxa2 30. Rxh6 Kxh6 31. Rxf7 Rh8 32. Ra7 g4 33. hxg4 Kg5 34. Bxb5 Kxg4 35. Bxa6 Kf4 36. Rf7+ Ke5 37. Bc4 Rc2 38. Rf3 Rh5 39. Kh2 h3 40. Rxh3 Rxh3+ 41. Kxh3 Rxc3+ 42. g3 Kf5 43. Kh4 Rf3 44. Kh3 Kg5 45. Kg2 Rf8 46. Be2 Kf5 47. Kf3 Re8 48. Bc4 Rd8 49. Kg2 Rd2+ 50. Kh3 Kg5 51. Be6 Rc2 52. Bc4 Rc3 53. Kg2 Kf5 54. Kh3 Ke4 55. Kg4 Kd4 56. Kf4 Rxc4 57. bxc4 Kxc4 58. Ke4 Kb3 59. g4 c4 60. g5 c3 61. g6 c2 62. g7 1/2-1/2

[Event "SVK-chT2C 1314"]
[Site "Slovakia"]
[Date "2013.11.24"]
[Round "4.8"]
[White "Kaniok, Jan"]
[Black "Topolovsky, Vincent"]
[Result "1-0"]
[WhiteElo "1928"]
[BlackElo "1927"]
[PlyCount "91"]
[EventDate "2013.10.19"]
[EventType "team-tourn"]
[EventRounds "11"]
[EventCountry "SVK"]
[SourceTitle "EXT 2015"]
[Source "ChessBase"]
[SourceDate "2014.11.20"]
[SourceVersion "1"]
[SourceVersionDate "2014.11.20"]
[SourceQuality "1"]
[WhiteTeam "Dunajov II"]
[BlackTeam "Banska Bystrica Kurta"]
[WhiteTeamCountry "SVK"]
[BlackTeamCountry "SVK"]

1. e4 c5 2. Nf3 e6 3. d4 cxd4 4. Nxd4 a6 5. Be3 Nf6 6. Nd2 Qc7 7. N4b3 d5 8. Bd3 Nc6 9. Qe2 Be7 10. 0-0 0-0 11. Rac1 e5 12. exd5 Nxd5 13. Be4 Nf6 14. Bf3 Bf5 15. Bg5 Nb4 16. a3 Nbd5 17. Rfe1 Bd6 18. g3 Rfe8 19. c4 e4 20. Bg2 Ne7 21. Bxf6 gxf6 22. Nxe4 Bxe4 23. Qxe4 Nc6 24. Qg4+ Kh8 25. Be4 Ne7 26. Qh4 f5 27. Qf6+ Kg8 28. Bxf5 Nxf5 29. Rxe8+ Rxe8 30. Qxf5 Bf8 31. Qg4+ Kh8 32. Nd4 Bg7 33. b3 Rg8 34. Qe4 Qd7 35. Nf5 Bb2 36. Re1 Bf6 37. Nh6 Rd8 38. Qf3 Kg7 39. Nf5+ Kh8 40. Nh6 Kg7 41. h4 Bb2 42. Nf5+ Kf8 43. a4 b6 44. Qh5 f6 45. Qh6+ Kg8 46. Re7 1-0

[Event "SVK-chT2C 1213"]
[Site "Slovakia"]
[Date "2013.03.17"]
[Round "11.6"]
[White "Holeczy, Martin"]
[Black "Kaniok, Jan"]
[Result "1/2-1/2"]
[WhiteElo "2023"]
[BlackElo "1956"]
[PlyCount "81"]
[EventDate "2012.10.13"]
[EventType "team-tourn"]
[EventRounds "11"]
[EventCountry "SVK"]
[SourceTitle "EXT 2015"]
[Source "ChessBase"]
[SourceDate "2014.11.20"]
[SourceVersion "1"]
[SourceVersionDate "2014.11.20"]
[SourceQuality "1"]
[WhiteTeam "Banska Bystrica Veza"]
[BlackTeam "Dunajov II"]
[WhiteTeamCountry "SVK"]
[BlackTeamCountry "SVK"]

1. d4 d5 2. c4 e6 3. Nc3 Nf6 4. Bg5 Be7 5. e3 b6 6. Nf3 Bb7 7. Rc1 Nbd7 8. Bd3 0-0 9. 0-0 dxc4 10. Bxc4 c5 11. Qe2 Ne4 12. Bf4 Ndf6 13. Rfd1 Nxc3 14. Rxc3 Nd5 15. Rcd3 Nxf4 16. exf4 Qc7 17. Ne5 Bd5 18. Rh3 Bxc4 19. Qxc4 Rad8 20. Qc2 g6 21. Rc3 Rd5 22. dxc5 Rxd1+ 23. Qxd1 Rd8 24. Qc2 bxc5 25. b4 Rd5 26. g3 Qb6 27. bxc5 Rxc5 28. Rxc5 Qxc5 29. Qa4 Bf8 30. Qe8 Qe7 31. Qa8 Kg7 32. a4 Qc7 33. h4 Bc5 34. Qe4 Qd6 35. Nd3 Bd4 36. Qe2 Qc6 37. Qd1 Qc3 38. Kg2 h5 39. Kg1 Bf6 40. Kg2 Bd4 41. Kg1 1/2-1/2

[Event "SVK-chT2C 1213"]
[Site "Slovakia"]
[Date "2012.12.16"]
[Round "6.8"]
[White "Halamova, Maria"]
[Black "Kaniok, Jan"]
[Result "1-0"]
[WhiteElo "1785"]
[BlackElo "1956"]
[PlyCount "139"]
[EventDate "2012.10.13"]
[EventType "team-tourn"]
[EventRounds "11"]
[EventCountry "SVK"]
[SourceTitle "EXT 2015"]
[Source "ChessBase"]
[SourceDate "2014.11.20"]
[SourceVersion "1"]
[SourceVersionDate "2014.11.20"]
[SourceQuality "1"]
[WhiteTeam "Zilina Mladost II"]
[BlackTeam "Dunajov II"]
[WhiteTeamCountry "SVK"]
[BlackTeamCountry "SVK"]

1. e4 c5 2. Nf3 d6 3. d4 cxd4 4. Nxd4 Nf6 5. Nc3 g6 6. Be3 Bg7 7. f3 a6 8. Qd2 Bd7 9. Bh6 0-0 10. Bxg7 Kxg7 11. h4 h5 12. 0-0-0 Nc6 13. Qg5 Qa5 14. Qe3 Rac8 15. Nb3 Qc7 16. Bd3 Nb4 17. Kb1 b5 18. Rc1 Be6 19. Qd2 Bxb3 20. cxb3 Qb6 21. Be2 Qf2 22. Qg5 Rc5 23. Qf4 Nc6 24. Rcd1 e5 25. Qg5 Nh7 26. Rhf1 Qxf1 27. Qg3 Qxd1+ 28. Bxd1 Nd4 29. f4 Kh8 30. b4 Rc4 31. fxe5 Rxb4 32. b3 Ne6 33. exd6 Rd4 34. Qe5+ Kg8 35. g4 b4 36. Nd5 Rxd1+ 37. Kc2 Rxd5 38. exd5 Rc8+ 39. Kb2 Nc5 40. Qd4 hxg4 41. d7 Nxd7 42. Qxg4 Nhf6 43. Qxb4 Rc5 44. d6 Rd5 45. Qf4 Ne8 46. Qe4 Ndf6 47. d7 Rxd7 48. Qe5 Rd6 49. b4 Re6 50. Qg5 Kh7 51. a4 Nc7 52. Kb3 Nfd5 53. Qg4 Rb6 54. b5 axb5 55. Qd7 bxa4+ 56. Kxa4 Rf6 57. Kb3 Rf5 58. Kc2 Ne6 59. Kd2 Nd4 60. Kd3 Nf3 61. Qd8 Rh5 62. Qe8 Kg7 63. Qe4 Nxh4 64. Qd4+ Nf6 65. Ke2 Nf5 66. Qc3 g5 67. Kf1 g4 68. Kg2 g3 69. Qc1 Rg5 70. Qxg5+ 1-0

[Event "SVK-chT2C 1213"]
[Site "Slovakia"]
[Date "2012.12.15"]
[Round "5.8"]
[White "Straka, Jozef"]
[Black "Kaniok, Jan"]
[Result "1/2-1/2"]
[WhiteElo "2005"]
[BlackElo "1956"]
[PlyCount "120"]
[EventDate "2012.10.13"]
[EventType "team-tourn"]
[EventRounds "11"]
[EventCountry "SVK"]
[SourceTitle "EXT 2015"]
[Source "ChessBase"]
[SourceDate "2014.11.20"]
[SourceVersion "1"]
[SourceVersionDate "2014.11.20"]
[SourceQuality "1"]
[WhiteTeam "Cadca Caissa II"]
[BlackTeam "Dunajov II"]
[WhiteTeamCountry "SVK"]
[BlackTeamCountry "SVK"]

1. d4 d5 2. c4 e6 3. Nc3 Nf6 4. Nf3 Be7 5. Bf4 c6 6. e3 Nbd7 7. Bd3 h6 8. h3 0-0 9. 0-0 Re8 10. Rc1 dxc4 11. Bxc4 Nb6 12. Bd3 Nbd5 13. Bg3 Nxc3 14. bxc3 c5 15. Qe2 b6 16. Rfd1 Bd7 17. e4 Ba4 18. Bc2 Bxc2 19. Rxc2 Qc8 20. Ne5 Qb7 21. f3 Rac8 22. Bf2 Bd6 23. Nxf7 Qxf7 24. e5 Bxe5 25. dxe5 Nd5 26. c4 Nf4 27. Qe4 Qg6 28. Qxg6 Nxg6 29. Bg3 Rcd8 30. Rcd2 Rxd2 31. Rxd2 Kf7 32. Kf2 Ke7 33. Ke3 Rd8 34. Rxd8 Kxd8 35. f4 Kd7 36. Be1 h5 37. Ke4 Ne7 38. g4 hxg4 39. hxg4 g6 40. a4 Nc6 41. f5 exf5+ 42. gxf5 gxf5+ 43. Kxf5 Nd4+ 44. Kf6 a5 45. Kf7 Ne6 46. Bd2 Nd8+ 47. Kf6 Ne6 48. Be3 Nd8 49. Bg5 Ne6 50. Bh4 Nd8 51. Kg6 Nc6 52. Kf5 Nd4+ 53. Kf6 Ke8 54. e6 Nc2 55. Ke5 Ne3 56. Kd6 Nxc4+ 57. Kc6 Nb2 58. Kxb6 Nxa4+ 59. Kxa5 Nc3 60. Kb6 Nd5+ 1/2-1/2